Fall of virtue/ (Record no. 40502)

MARC details
000 -LEADER
fixed length control field 00577nam a22001937a 4500
005 - DATE AND TIME OF LATEST TRANSACTION
control field 20100810102622.0
010 ## - LCCN (DPL NO)
LC control number ENG-99106
020 ## - INTERNATIONAL STANDARD BOOK NUMBER
Terms of availability 50.00
035 ## - SYSTEM CONTROL NUMBER
System control number EN-82638
037 ## - SOURCE OF ACQUISITION
Source of stock number/acquisition DBAD/PUB
082 ## - DEWEY DECIMAL CLASSIFICATION NUMBER
Classification number 883
100 ## - MAIN ENTRY--PERSONAL NAME
Personal name Beg, H.Wasim
245 ## - TITLE STATEMENT
Title Fall of virtue/
Statement of responsibility, etc by H.Wasim Beg
260 ## - PUBLICATION, DISTRIBUTION, ETC. (IMPRINT)
Place of publication, distribution, etc Agra
270 ## - ADDRESS
Address 18/128 Nazeer Park ,Taj Gang
City Agra
Postal code 282001
300 ## - PHYSICAL DESCRIPTION
Extent E,98p.
Dimensions 18cm (pbk)
942 ## - ADDED ENTRY ELEMENTS (KOHA)
Source of classification or shelving scheme Dewey Decimal Classification
Item type English Books
Classification part 883
Call number suffix BEG
Holdings
Withdrawn status Lost status Not for loan Collection code Home library Current library Date acquired Source of acquisition Cost, normal purchase price Full call number Barcode Cost, replacement price Koha item type
    Not For Loan Fiction D.B.Act.Division D.B.Act.Division 10/08/2010 DBAD / PUB 50.00 883 BEG EN-82638 50.00 English Books

© Delhi Public Library
Hit Counter
free hit counter